00000000nam##2200000za#4500
0019.625458
003CaOODSP
00520200421163402
007ta
008150406|2000||||xxc|||||     f|0| 0 fre|d
020 |a0-660-96416-3
040 |aCaOODSP|bfre
043 |an-cn---
0861 |aNH15-370/2000F
1102 |aSociété canadienne d'hypothèques et de logement.
24510|aAppui des organisations philanthropiques à la production de logements abordables / |cpar Manifest Communications Inc., Steve Pomeroy et François Lagarde.
260 |aOttawa - Ontario : |bSociété canadienne d'hypothèques et de logement |c2000.
300 |aix, 134p. : |bfigures, graphiques ; |c28 cm.
4901 |aRapport de recherche. Série sur le logement abordable et le financement de l'habitation
500 |a«Le présent rapport donne aux organismes de production de logements abordables un aperçu général des activités du secteur philanthropique ainsi que des renseignements sur la façon d'amener ce secteur à contribuer à leurs projets.»--Sommaire.
504 |aBibliographie.
5203 |aLe présent rapport donne aux organismes de production de logements abordables un aperçu général des activités du secteur philanthropique ainsi que des renseignements sur la façon d'amener ce secteur à contribuer à leurs projets.--Sommaire
563 |aReliure à spirale
590 |a01-02|b2001-01-12
69107|aLogement|2gcpds
69107|aLevée de fonds|2gcpds
69107|aOrganisme de bienfaisance|2gcpds
7201 |aPomeroy, Steve
7201 |aLagarde, François
7760#|tAppui des organisations philanthropiques à la production de logements abordables / |w(CaOODSP)9.600333
830#0|aRapport de recherche. Série sur le logement abordable et le financement de l'habitation.|w(CaOODSP)9.513168